Bohaterowie Stranger Things - ZDJĘCIA - Statystyki

Ogólne statystyki
  • Ten quiz został rozwiązany 840 razy
  • Średni wynik to 8 z 16
Statystyki odpowiedzi
Obrazkowy Odpowiedź % Poprawnych
Eleven
100%
Mike Wheeler
89%
Dustin Henderson
86%
Nancy Wheeler
84%
Barb Holland
78%
Jim Hopper
78%
Joyce Byers
67%
Karen Wheeler
50%
Murray Bauman
44%
Sam Owens
30%
Lonnie Byers
10%
Terry Ives
9%
Keith
8%
Larry Kline
8%
Bruce
7%
Becky Ives
5%
Nie znaleziono quizów pasujących do podanych kryteriów
Rozkład punktacji
Procent ludzi z każdym wynikiem
Percentyl według liczby udzielonych odpowiedzi
Twoja historia wyników
Nie rozwiązałeś tego quizu